Imperialismo y liberación : Una introducción a la historia contemporánea de América Latina /

Enregistré dans:
Détails bibliographiques
Auteur principal: González Casanova, Pablo
Format: Inconnue
Langue:Spanish
Publié: México, D.F. : Siglo Veintiuno Editores, 1986.
Édition:6. edición
Collection:(Serie historia)
Sujets:
Tags: Ajouter un tag
Pas de tags, Soyez le premier à ajouter un tag!

MARC

LEADER 000000000a22000000004500
001 003770
020 |a 9682300630 
041 0 |a spa 
082 0 4 |a 332.673   |b G643im6 
100 1 |a González Casanova, Pablo 
245 1 0 |a Imperialismo y liberación :   |b Una introducción a la historia contemporánea de América Latina /   |c Pablo González Casanova. 
250 |a 6. edición 
260 1 |a México, D.F. :   |b Siglo Veintiuno Editores,   |c 1986. 
300 |a 297 páginas 
490 1 |a (Serie historia) 
650 4 |a AMERICA LATINA 
650 4 |a HISTORIA CONTEMPORANEA 
650 4 |a IMPERIALISMO 
650 4 |a LIBERACION 
650 4 |a LITERATURA MEXICANA 
650 4 |a ENSAYO HISTORICO 
999 |c 10190  |d 10190 
942 |c BK  |h 332.673 G643im6  |2 z